| 000 | 00939nam a2200229 a 4500 | ||
|---|---|---|---|
| 001 | 47683 | ||
| 003 | BD-RjUL | ||
| 005 | 20211209054353.0 | ||
| 008 | 160810s2007 bg ||||| |||| 00| 0 ben d | ||
| 020 | _a9848360263 | ||
| 035 | _a(BD-RjUL)47802 | ||
| 040 |
_aBD-RjUL _bben _cBD-RjUL _dBD-RjUL |
||
| 041 | _aben | ||
| 082 |
_223 _a362.5 _bARK 2007 |
||
| 100 |
_aআরেফিন, মোঃ ছাদেকুল _9144870 |
||
| 245 | 1 | 0 |
_aক্ষমতায়ন ও গ্রামীণ দরিদ্র জনগোষ্ঠী : _bব্র্যাক কার্যক্রমের অবদান / _cমোঃ ছাদেকুল আরেফিন, |
| 260 |
_aঢাকা : _bএ.এইচ.ডি.পি.এইচ, _c২০০৭ |
||
| 300 |
_a১৪৮ পৃ. : _bচিত্র ; _c২৫ সেমি. |
||
| 650 |
_aদরিদ্র মানুষ _9144871 |
||
| 650 |
_aPoor People _9144872 |
||
| 942 |
_2ddc _cBK |
||
| 999 |
_c47683 _d47683 |
||